| 000 | 01240nam a2200337Ia 4500 | ||
|---|---|---|---|
| 001 | ebr10510356 | ||
| 003 | CaPaEBR | ||
| 006 | m u | ||
| 007 | cr cn||||||||| | ||
| 008 | 110715s2011 njua sb 001 0 eng d | ||
| 010 | _z 2011029936 | ||
| 020 | _z9781118043233 | ||
| 020 | _z9781118169612 | ||
| 020 | _z1118043235 | ||
| 040 |
_aCaPaEBR _cCaPaEBR |
||
| 035 | _a(OCoLC)762325181 | ||
| 050 | 1 | 4 |
_aHD9000.4 _b.B485 2011eb |
| 082 | 0 | 4 |
_a363.8 _223 |
| 100 | 1 | _aBjerga, Alan. | |
| 245 | 1 | 0 |
_aEndless appetites _h[electronic resource] : _bhow the commodities casino creates hunger and unrest / _cAlan Bjerga. |
| 260 |
_aHoboken, N.J. : _bBloomberg Press, _cc2011. |
||
| 300 |
_axii, 196 p. : _bill. |
||
| 490 | 0 |
_aBloomberg ; _v151 |
|
| 504 | _aIncludes bibliographical references and index. | ||
| 533 |
_aElectronic reproduction. _bPalo Alto, Calif. : _cebrary, _d2013. _nAvailable via World Wide Web. _nAccess may be limited to ebrary affiliated libraries. |
||
| 650 | 0 | _aFood prices. | |
| 650 | 0 | _aFood security. | |
| 655 | 7 |
_aElectronic books. _2local |
|
| 710 | 2 | _aebrary, Inc. | |
| 856 | 4 | 0 |
_uhttp://site.ebrary.com/lib/rucke/Doc?id=10510356 _zAn electronic book accessible through the World Wide Web; click to view |
| 999 |
_c119732 _d119732 |
||